[Event "COL-ch Universities"]
[Site "Santa Marta"]
[Date "2012.10.26"]
[Round "2"]
[White "Perez Olarte, Cesar Camilo"]
[Black "Juez, Jose Yesid"]
[Result "1-0"]
[WhiteElo "2262"]
[BlackElo "2060"]
[PlyCount "45"]
[EventDate "2012.10.26"]
[EventType "swiss"]
[EventRounds "6"]
[EventCountry "COL"]
[SourceTitle "EXT 2015"]
[Source "ChessBase"]
[SourceDate "2014.11.20"]
[SourceVersion "1"]
[SourceVersionDate "2014.11.20"]
[SourceQuality "1"]

1. e4 c5 2. Nf3 Nc6 3. Nc3 Nf6 4. d4 cxd4 5. Nxd4 e5 6. Ndb5 d6 7. a4 a6 8. Na3 Be6 9. Nc4 Rc8 10. Be3 Bxc4 11. Bxc4 Nb4 12. Bb3 Be7 13. 0-0 0-0 14. a5 Qd7 15. Ra4 d5 16. exd5 Ng4 17. Ne4 Nxe3 18. fxe3 Qb5 19. d6 Bd8 20. Qg4 Nxc2 21. Rxf7 Rxf7 22. Bxf7+ Kxf7 23. Qf5+ 1-0

[Event "Bogota IRT op 06"]
[Site "Bogota"]
[Date "2012.06.11"]
[Round "6"]
[White "Lozano Ramirez, Nestor Favian"]
[Black "Perez Olarte, Cesar Camilo"]
[Result "1/2-1/2"]
[WhiteElo "1951"]
[BlackElo "2262"]
[PlyCount "32"]
[EventDate "2012.06.08"]
[EventType "swiss"]
[EventRounds "7"]
[EventCountry "COL"]
[SourceTitle "CBM 148 Extra"]
[Source "ChessBase"]
[SourceDate "2012.06.22"]
[SourceVersion "1"]
[SourceVersionDate "2012.06.22"]
[SourceQuality "1"]

1. Nf3 d5 2. g3 Nf6 3. Bg2 Bf5 4. c4 c6 5. cxd5 cxd5 6. Qb3 Qd7 7. Ne5 Qc7 8. Nc3 e6 9. d3 Nc6 10. Nb5 Qxe5 11. Bf4 Nd4 12. Bxe5 Nxb3 13. axb3 Bb4+ 14. Bc3 Bxc3+ 15. bxc3 0-0 16. Nxa7 e5 1/2-1/2

[Event "Bogota Semana Santa op"]
[Site "Bogota"]
[Date "2012.04.04"]
[Round "2"]
[White "Perez Olarte, Cesar Camilo"]
[Black "Fandino Reyes, Roquelina"]
[Result "1/2-1/2"]
[WhiteElo "2242"]
[BlackElo "2076"]
[PlyCount "122"]
[EventDate "2012.04.04"]
[EventType "swiss"]
[EventRounds "9"]
[EventCountry "COL"]
[SourceTitle "CBM 147 Extra"]
[Source "ChessBase"]
[SourceDate "2012.04.24"]
[SourceVersion "1"]
[SourceVersionDate "2012.04.24"]
[SourceQuality "1"]

1. e4 e5 2. Nf3 Nc6 3. Bb5 a6 4. Ba4 Nf6 5. 0-0 b5 6. Bb3 Bc5 7. d3 0-0 8. c3 d5 9. Qe2 dxe4 10. dxe4 Bg4 11. h3 Bxf3 12. Qxf3 h6 13. Nd2 Qe7 14. Re1 Rad8 15. Nf1 Nh7 16. Ng3 Qf6 17. Nf5 Ne7 18. Nxe7+ Bxe7 19. Be3 Qxf3 20. gxf3 Ng5 21. Kg2 Ne6 22. Bxe6 fxe6 23. Red1 Bd6 24. a4 Rb8 25. axb5 axb5 26. Ra6 Rfd8 27. b3 Kf7 28. Rc6 Rb7 29. Ra1 Be7 30. f4 Rd6 31. Rc5 Rd3 32. Rc6 Rd6 33. Raa6 Rxc6 34. Rxc6 exf4 35. Bxf4 Bd8 36. Kg3 Ke7 37. Be5 Kd7 38. Ra6 g6 39. f4 Be7 40. f5 gxf5 41. exf5 exf5 42. Rxh6 Rb8 43. Kf4 Rf8 44. Rh5 c6 45. Rxf5 Rg8 46. Rf7 Ke6 47. Rg7 Rf8+ 48. Ke4 Rf1 49. Rg6+ Kd7 50. b4 Re1+ 51. Kf5 Rf1+ 52. Bf4 Rf2 53. Rg7 Ke8 54. Ke4 Bf6 55. Rg3 Rc2 56. Re3 Rxc3 57. Rxc3 Bxc3 58. Bd6 Kf7 59. Bc5 Kg6 60. Kf4 Kh5 61. Be7 Bxb4 1/2-1/2

[Event "Bogota op 03"]
[Site "Bogota"]
[Date "2012.03.15"]
[Round "1"]
[White "Avella Rosas, Luis Eduardo"]
[Black "Perez Olarte, Cesar Camilo"]
[Result "0-1"]
[WhiteElo "1987"]
[BlackElo "2242"]
[PlyCount "44"]
[EventDate "2012.03.15"]
[EventType "swiss"]
[EventRounds "7"]
[EventCountry "COL"]
[SourceTitle "CBM 147 Extra"]
[Source "ChessBase"]
[SourceDate "2012.04.24"]
[SourceVersion "1"]
[SourceVersionDate "2012.04.24"]
[SourceQuality "1"]

1. b3 Nf6 2. Bb2 d5 3. c4 e6 4. e3 Be7 5. f4 Nbd7 6. Nf3 Nc5 7. Be2 dxc4 8. bxc4 Nd3+ 9. Bxd3 Qxd3 10. Ne5 Qd8 11. 0-0 0-0 12. Nc3 Nd7 13. Ne4 f6 14. Nf3 Nb6 15. Qb3 Bd7 16. a4 Bc6 17. Qc2 Qd7 18. a5 Na4 19. Bd4 b6 20. Ra2 Nc5 21. Nxc5 bxc5 22. Bc3 a6 0-1